000
00206 a2200097 4500
001
4164
100
_a
Tall,J
245
_a
Techniqus of magnetic recording
260
_a
_b
Macmillan
_c
090
_c
3381
_d
3381
942
_a
NUST-CAE
_c
M
_c
26458
999
_c
239237
_d
239237